| 000 | 00533nam a2200169Ia 4500 | ||
|---|---|---|---|
| 005 | 20250508155958.0 | ||
| 008 | 008 250505s9999 xx 000 0 eng d | ||
| 037 | _aBooks to be hide in OPAC | ||
| 040 |
_aFEDL _beng _cFEDL |
||
| 041 |
_aeng _2eng |
||
| 084 |
_a371.426942, GRE/O _qFEDL |
||
| 245 | 0 | _aFifty-secondary report, for the year 1908, of the inspector | |
| 260 |
_aLondon, UK _bHis Majesty's Stationery Office _c1909 |
||
| 300 | _a130p. | ||
| 942 |
_cHB _h371.426942, GRE/O |
||
| 999 |
_c1360658 _d1360658 |
||